Corporate governance. (Record no. 157561)

MARC details
000 -LEADER
fixed length control field 00393nam a2200157Ia 4500
008 - FIXED-LENGTH DATA ELEMENTS--GENERAL INFORMATION
fixed length control field 210423s2005 xx 000 0 und d
020 ## - INTERNATIONAL STANDARD BOOK NUMBER
International Standard Book Number 818152117
041 ## - LANGUAGE CODE
Language code of text/sound track or separate title eng
082 ## - DEWEY DECIMAL CLASSIFICATION NUMBER
Classification number 658.11 SHAF
100 ## - MAIN ENTRY--PERSONAL NAME
Personal name SHASTRI (Falguni C).
245 ## - TITLE STATEMENT
Title Corporate governance.
260 ## - PUBLICATION, DISTRIBUTION, ETC.
Place of publication, distribution, etc. Jaipur
Name of publisher, distributor, etc. Book Enclave
Date of publication, distribution, etc. 2005
300 ## - PHYSICAL DESCRIPTION
Extent v,188
Other physical details PB
365 ## - TRADE PRICE
Price amount 480
Currency code INR
906 ## - LOCAL DATA ELEMENT F, LDF (RLIN)
a Corporate ; governance.
Holdings
Withdrawn status Lost status Damaged status Not for loan Collection code Home library Current library Date acquired Source of acquisition Cost, normal purchase price Total Checkouts Full call number Barcode Date last seen Date last checked out Price effective from Koha item type
        M Com St Aloysius PG Library St Aloysius PG Library 12/14/2009 Book World 480.00 1 658.11 SHAF PG004037 08/24/2022 12/04/2021 04/26/2021 Book